Die deutsche Literatur auf dem Boden der Tschechoslowakischen Republik bis 1848
| Titel: | Die deutsche Literatur auf dem Boden der Tschechoslowakischen Republik bis 1848 |
|---|---|
| Verfasser: | |
| In: |
Adalbert-Stifter-Institut des Landes Oberösterreich: Jahrbuch, Band 6 (1999), Seite 153-193 alle Artikel anzeigen |
| Veröffentlicht: | 1999 [2003] |
| Format: | Aufsatz |
| Sprache: | Deutsch |
X
alg: 39153343 001A $01999:11-11-16 001B $01999:15-05-21 $t20:55:40.000 001C $06050:19-11-16 $t09:39:41.000 001D $01999:11-11-16 001U $0utf8 001X $00 002@ $0Aox 003@ $0391533436 007A $0391533436 $aHEB 007T $0Herd50688 010@ $ager 011@ $a1999 $n1999 [2003] 021A $aDie @deutsche Literatur auf dem Boden der Tschechoslowakischen Republik bis 1848 028A $aKraus $dArnošt 031A $d6 $h153-193 $j1999 037A $aTschechischer Text: Německá literatura na půdě Československé republiky do roku 1848. In: Československá vlastivěda, díl 7: Pisemnictví. Praha 1933, 297-324 039B $aIn $8--Abvc--Adalbert-Stifter-Institut des Landes Oberösterreich [Tb1]. Jahrbuch. - Linz : Adelbert-Stifter-Institut des Landes Oberösterreich, 1994- $x199900000060000847 $9048658731 045F $a800 $eDDC23BSB 045F/01 $a800 045F/03 $g4371 045F/03 $g4373 045T $a7,20 045T $aGER $qDE-30 $2FID lok: 39153343 78 exp: 39153343 78 1 #EPN 201B/01 $026-11-17 $t00:41:48.000 201U/01 $0utf8 203@/01 $0787627593 208@/01 $a11-11-16 $be 209A/01 $a/ $f000 $x00 220C/01 $aTitelaufnehmer: rk 244Z/01 $#Tschechien $#Tschechische Republik $#Tschechische Republik $#Tschechenland $#Tschechei Tschechien $#Česká Republika $#Czech Republic $#ČR $74303381-7 $8--Tg1--Tschechien $x01 $9086659812 244Z/01 $2Trx $#Böhmen $#Bohemia $#Czechy $8--Trx--Čechy $x02 $9391188941 244Z/01 $2Trx $#Slowakische Republik $#Szlovák Köztársaság $#Republika Słowacka $#Slovenská Republika $#Slovensko $#Slowakei $#Słowacja $#Slovensko $8--Trx--Slovenská Republika $x03 $9391345796 244Z/01 $aGeschichte 1000-1848 $x04 244Z/01 $2Trx $#kirjandus, Saksa $#literatūra, vokiečių $#Literature, German $#irodalom, német $#literatura niemiecka $#literatúra nemecká $#literatura německá $8--Trx--Literatur, deutsche $x05 $9391368125 244Z/01 $2Trx $#suhted, Saksa-Tšehhi $#santykiai, čekų ir vokiečių $#relations, Czech-German $#kapcsolatok, cseh-német $#stosunki czesko-niemieckie $#vzťahy česko-nemecké $#vztahy česko-německé $#Beziehungen, böhmisch-deutsche $8--Trx--Beziehungen, deutsch-tschechische $x06 $939137205X 244Z/01 $2Trx $#suhted, Saksa-Slovaki $#santykiai, slovakų ir vokiečių $#relations, German-Slovak $#kapcsolatok, német-szlovák $#stosunki niemiecko-słowackie $#vzťahy nemecko-slovenské $#vztahy německo-slovenské $8--Trx--Beziehungen, deutsch-slowakische $x07 $9391378473 244Z/01 $2Trx $8--Trx--Zeitschriftenaufsatz $x08 $9391384341 245Z/01 $a11.08 $x01 247C/01 $82080>Marburg/Lahn, Herder-Institut, Forschungsbibliothek, Bibliographieportal $9336309341
| LEADER | 00000caa a22000002c 4500 | ||
|---|---|---|---|
| 001 | 391533436 | ||
| 003 | DE-603 | ||
| 005 | 20210515205540.0 | ||
| 007 | tu | ||
| 008 | 161111s1999 xx |||| | u00||u|ger c | ||
| 035 | |a (DE-599)HEB391533436 | ||
| 040 | |a DE-603 |b ger |c DE-603 |d DE-603 | ||
| 041 | |a ger | ||
| 082 | 0 | 4 | |8 1\u |a 800 |q DE-101 |2 23/BSB |
| 084 | |a 7,20 |2 ssgn | ||
| 084 | |a GER |q DE-30 |2 fid | ||
| 085 | |8 1\u |b 800 | ||
| 085 | |8 1\u |z 2 |s 4371 | ||
| 085 | |8 1\u |z 2 |s 4373 | ||
| 100 | 1 | |a Kraus, Arnošt | |
| 245 | 0 | 0 | |a Die deutsche Literatur auf dem Boden der Tschechoslowakischen Republik bis 1848 |
| 264 | 0 | |c 1999 [2003] | |
| 500 | |a Tschechischer Text: Německá literatura na půdě Československé republiky do roku 1848. In: Československá vlastivěda, díl 7: Pisemnictví. Praha 1933, 297-324 | ||
| 773 | 0 | 8 | |i In |a Adalbert-Stifter-Institut des Landes Oberösterreich |t Jahrbuch |d Linz : Adelbert-Stifter-Institut des Landes Oberösterreich, 1994- |h 25 cm |g Band 6 (1999), Seite 153-193 |w (DE-603)048658731 |w (DE-600)1227563-3 |
| 924 | 0 | |9 2080 |a (DE-603)787627593 |b DE-2080 |c HES |d d |g / | |


